000 00749nam a2200217Ii 4500
003 JO-AjNU
008 230605s9999||||xx |||||||||||||| ||und||
017 _a2005/8/1942
040 _aJO-AjNU
_bara
_erda
_cJO-AjNU
041 _aara
050 1 4 _aHB61 .A87 2005
100 3 _aعساف، أحمد عارف,
_eauthor
_930632
245 0 0 _aمعجم المصطلحات الاقتصادية والتجارية = Glossary of Economics and Commercial Terms
250 _aط1
264 3 1 _aعمان: دار الأبرار، 2005
300 _a534ص
336 _atext
_btxt
_2rdacontent
337 _aunmediated
_bn
_2rdamedia
338 _avolume
_bnc
_2rdacarrier
650 4 _aالاقتصاد -- معاجم -- التجارة -- معاجم
_930633
999 _aA12165
_c15733
_d15733